000 00858nam a2200217Ii 4500
003 JO-AjNU
008 230605s9999||||xx |||||||||||||| ||und||
020 _a978-1-56564-617-9
040 _aJO-AjNU
_bara
_erda
_cJO-AjNU
041 _aara
050 1 4 _aBP134.K6.B55 2015
100 3 _aبليل، عبد الكريم,
_eauthor
_952255
245 0 0 _aالمفاهيم المفتاحية لنظرية المعرفة في القرآن الكريم
250 _aط1
264 3 1 _aفيرجينيا: المعهد العالمي للفكر الاسلامي، 2015
300 _a719ص
_bقائمة المراجع ص 699-712 ؛ الكشاف ص 713-719
336 _atext
_btxt
_2rdacontent
337 _aunmediated
_bn
_2rdamedia
338 _avolume
_bnc
_2rdacarrier
650 4 _aنظرية المعرفة في الاسلام- مفاهيم قرآنية
_952256
999 _aA23137
_c26705
_d26705